[Event "XXXVII Open International de Metz A (>1"]
[Site "METZ"]
[Date "2019.04.08"]
[Round "3.8"]
[White "Bujisho, Benjamin"]
[Black "Narendran Gouthaman"]
[Result "1-0"]
[WhiteElo "2339"]
[BlackElo "2156"]
[PlyCount "103"]
[EventDate "2019.??.??"]
[WhiteTeam "Chevau-légers de la Choisille"]

1. e4 c5 2. Nc3 d6 3. g3 g6 4. Bg2 Bg7 5. d3 Nc6 6. Be3 Rb8 7. Qd2 b5 8. Nge2
b4 9. Nd1 e6 10. O-O Nge7 11. Bh6 O-O 12. Bxg7 Kxg7 13. Ne3 d5 14. exd5 exd5
15. a3 d4 16. Nc4 bxa3 17. Rxa3 Be6 18. b3 Bd5 19. Nf4 Bxg2 20. Kxg2 Nd5 21.
Rc1 Re8 22. Ra6 Qd7 23. h4 Re7 24. h5 Rbe8 25. Raa1 Nxf4+ 26. Qxf4 Qd5+ 27. Qf3
Qxf3+ 28. Kxf3 Ne5+ 29. Kg2 Ng4 30. hxg6 hxg6 31. Nd6 Rh8 32. Re1 Rh2+ 33. Kg1
Rxe1+ 34. Rxe1 Rxf2 35. Re4 Rxc2 36. Rxg4 Rc3 37. Rf4 Rxd3 38. Rxf7+ Kg8 39.
Kf2 Rxb3 40. Rxa7 d3 41. Rd7 Rb4 42. Ke3 Rd4 43. Ne4 Rxd7 44. Nf6+ Kg7 45. Nxd7
c4 46. Ne5 c3 47. Kxd3 Kf6 48. Ng4+ Kf5 49. Nf2 g5 50. Kxc3 g4 51. Kd4 Kg5 52.
Ke5 1-0

[Event "XXXVII Open International de Metz A (>1"]
[Site "METZ"]
[Date "2019.04.08"]
[Round "3.9"]
[White "Cahen, Alexis"]
[Black "Pucher, Sebastien"]
[Result "0-1"]
[WhiteElo "2100"]
[BlackElo "2309"]
[PlyCount "166"]
[EventDate "2019.??.??"]
[WhiteTeam "Ecole Française d'Echecs de Metz"]
[BlackTeam "Club d'Echecs Metz Fischer"]

1. Nf3 Nf6 2. c4 e6 3. g3 d5 4. cxd5 exd5 5. Bg2 Bd6 6. Nc3 O-O 7. O-O Re8 8.
d4 c6 9. Re1 Bf5 10. Nh4 Be6 11. Qd3 Nbd7 12. e4 dxe4 13. Nxe4 Nxe4 14. Bxe4
Nf6 15. Bf5 Bb4 16. Bd2 Bxd2 17. Qxd2 Qd7 18. Bxe6 Rxe6 19. Rxe6 Qxe6 20. Qe3
Qd7 21. Nf3 Qd5 22. Qb3 Qxb3 23. axb3 Nd5 24. Ne5 f6 25. Nd3 Nc7 26. Nf4 a6 27.
Kf1 Rd8 28. Rd1 Nb5 29. Ne2 c5 30. d5 Nc7 31. Nc3 b6 32. d6 Ne6 33. Rd5 Nd4 34.
Na4 Nxb3 35. Nxb6 Kf7 36. f4 g6 37. g4 f5 38. gxf5 gxf5 39. Nc4 Ke6 40. Re5+
Kf6 41. Kf2 a5 42. Ke3 a4 43. Kd3 Rd7 44. Kc3 Rd8 45. Rd5 Ke6 46. Re5+ Kf6 47.
Kd3 Nc1+ 48. Kc2 Nb3 49. Kb1 Rd7 50. Ka2 Nc1+ 51. Ka3 Nd3 52. Rd5 Nxf4 53. Rxc5
Ne6 54. Rd5 Ra7 55. d7 Nd8 56. Kb4 Ke6 57. Rd6+ Ke7 58. Rh6 Rxd7 59. Rxh7+ Nf7
60. Kxa4 Ra7+ 61. Kb3 Ke6 62. Kc3 Ra1 63. b3 Ng5 64. Rh6+ Kd5 65. Rh5 Rg1 66.
Ne3+ Ke5 67. Nxf5 Ne4+ 68. Kb4 Nf6 69. Ng3+ Nxh5 70. Nxh5 Rg2 71. Kc5 Rxh2 72.
Ng3 Rh3 73. Ne2 Re3 74. Ng1 Rxb3 75. Kc4 Re3 76. Kc5 Ke4 77. Kc4 Ke5 78. Kc5
Ke4 79. Kc4 Kf5 80. Kd5 Rd3+ 81. Kc4 Re3 82. Kd5 Kg4 83. Kd4 Re1 0-1

[Event "XXXVII Open International de Metz A (>1"]
[Site "METZ"]
[Date "2019.04.08"]
[Round "3.10"]
[White "Devallee, Jeremie"]
[Black "Kienitz, Andre"]
[Result "1-0"]
[WhiteElo "2305"]
[BlackElo "2117"]
[PlyCount "99"]
[EventDate "2019.??.??"]
[WhiteTeam "C'Chartres Echecs"]

1. Nc3 d5 2. e4 e6 3. d4 Nf6 4. e5 Nfd7 5. f4 c5 6. Nf3 Be7 7. Be3 O-O 8. Qd2
b6 9. g3 Nc6 10. h4 Bb7 11. Bd3 Nxd4 12. Bxd4 cxd4 13. Ne2 Nc5 14. Nexd4 Qc8
15. Ng5 h6 16. O-O-O Ba6 17. Bh7+ Kh8 18. c3 Bxg5 19. hxg5 Kxh7 20. Rh4 Rh8 21.
Rdh1 Kg8 22. gxh6 g6 23. h7+ Kf8 24. g4 Ne4 25. Qh2 Nxc3 26. bxc3 Qxc3+ 27. Nc2
Bd3 28. Qd2 Rc8 29. Qxc3 Rxc3 30. Kd2 Rxc2+ 31. Kxd3 Rxa2 32. f5 Ra3+ 33. Kd2
Ra4 34. f6 Rc4 35. Ra1 a5 36. Rb1 Rc6 37. Ke3 g5 38. Rh5 a4 39. Rb4 Ke8 40.
Rxa4 Kd7 41. Ra7+ Rc7 42. Rxc7+ Kxc7 43. Rxg5 Rxh7 44. Rg7 Rh3+ 45. Kd4 Rg3 46.
Rxf7+ Kd8 47. Rg7 Ke8 48. Re7+ Kf8 49. Rxe6 Rxg4+ 50. Kxd5 1-0

[Event "XXXVII Open International de Metz A (>1"]
[Site "METZ"]
[Date "2019.04.08"]
[Round "3.11"]
[White "Oblin, Pierre"]
[Black "Alok Sinha"]
[Result "0-1"]
[WhiteElo "1801"]
[BlackElo "2271"]
[PlyCount "56"]
[EventDate "2019.??.??"]
[WhiteTeam "Echiquier Grenoblois"]

1. b4 e6 2. Bb2 Nf6 3. a3 c5 4. bxc5 Bxc5 5. e3 d5 6. Nf3 Nbd7 7. c4 dxc4 8.
Bxc4 b6 9. O-O Bb7 10. d4 Bd6 11. Nbd2 O-O 12. Qb3 Qe7 13. Bd3 e5 14. dxe5 Nxe5
15. Nxe5 Bxe5 16. Bxe5 Qxe5 17. Qb5 Qe7 18. Nf3 Rfd8 19. Be2 Rac8 20. Qb4 Rc5
21. Nd4 Nd5 22. Qd2 Nc3 23. Bf3 Bxf3 24. gxf3 Qh4 25. f4 Rxd4 26. exd4 Qg4+ 27.
Kh1 Qf3+ 28. Kg1 Rc6 0-1

[Event "XXXVII Open International de Metz A (>1"]
[Site "METZ"]
[Date "2019.04.08"]
[Round "3.12"]
[White "Ojas Kulkarni"]
[Black "Llapasset, Jean-Louis"]
[Result "1/2-1/2"]
[WhiteElo "2240"]
[BlackElo "2062"]
[PlyCount "145"]
[EventDate "2019.??.??"]
[BlackTeam "Echiquier Diabolique de Canohes"]

1. c4 Nf6 2. g3 e5 3. Bg2 d5 4. cxd5 Nxd5 5. Nf3 Nc6 6. O-O Be6 7. d4 exd4 8.
Nxd4 Nxd4 9. Qxd4 c6 10. Nc3 Qb6 11. Qa4 Qb4 12. Qc2 Nxc3 13. bxc3 Qc4 14. Be3
Bc5 15. Bxc5 Qxc5 16. Qb2 O-O-O 17. Rfd1 Rxd1+ 18. Rxd1 Rd8 19. Rxd8+ Kxd8 20.
Qxb7 Qxc3 21. Qb8+ Kd7 22. Qxa7+ Kc8 23. h4 Qa1+ 24. Kh2 Qxa2 25. Qb6 Qxe2 26.
Bxc6 Qe5 27. Bb5 Qd5 28. Ba6+ Kd7 29. Qa7+ Ke8 30. Bb7 Qa2 31. Bc6+ Kd8 32.
Qb6+ Ke7 33. Qc5+ Kd8 34. Qb6+ Kc8 35. Bb7+ Kd7 36. Qc6+ Kd8 37. Qb6+ Kd7 38.
Bc6+ Kc8 39. Qb7+ Kd8 40. Qb8+ Ke7 41. Qc7+ Kf6 42. Qd8+ Ke5 43. Kg1 Qb1+ 44.
Kg2 Qc2 45. Ba8 h6 46. Qa5+ Kf6 47. Qa1+ Kg6 48. Qe5 Qc4 49. Be4+ f5 50. h5+
Kf7 51. Bxf5 Qd5+ 52. Qxd5 Bxd5+ 53. f3 Kf6 54. g4 Bf7 55. Be4 Bb3 56. Kg3 Bd1
57. Kf4 Be2 58. Bc2 Bc4 59. Ke4 Ba6 60. Bb3 Bc8 61. Kf4 Bd7 62. Bc2 Bc8 63. Bf5
Bb7 64. Be4 Bc8 65. Kg3 Be6 66. f4 Bf7 67. Kh4 Be8 68. Bc2 Bf7 69. Bb1 Be8 70.
g5+ hxg5+ 71. fxg5+ Ke5 72. h6 gxh6 73. gxh6 1/2-1/2

[Event "XXXVII Open International de Metz A (>1"]
[Site "METZ"]
[Date "2019.04.08"]
[Round "3.13"]
[White "Julian, Stephane"]
[Black "Navrotescu, Andreea-Cristiana"]
[Result "0-1"]
[WhiteElo "1993"]
[BlackElo "2234"]
[PlyCount "152"]
[EventDate "2019.??.??"]
[WhiteTeam "Vandoeuvre-Echecs"]
[BlackTeam "L'Echiquier du Roy René"]

1. e4 c5 2. Nf3 Nc6 3. Bb5 g6 4. Bxc6 bxc6 5. O-O Bg7 6. Re1 Nh6 7. c3 O-O 8.
d4 cxd4 9. cxd4 d5 10. e5 f6 11. exf6 exf6 12. Nc3 Nf7 13. Bf4 g5 14. Bg3 g4
15. Nd2 f5 16. Nb3 Qg5 17. f4 Qf6 18. Bf2 Nd6 19. Nc5 Ne4 20. N3xe4 fxe4 21.
Be3 Rb8 22. Qd2 Rb5 23. Rac1 Bf5 24. Rc2 Rfb8 25. Rec1 Bc8 26. Na4 Bd7 27. Nc5
Be8 28. b3 h5 29. Qf2 Qf5 30. g3 Bf6 31. Kh1 Kh8 32. Qe2 Rd8 33. Qf2 Rd6 34.
Rg1 Bd8 35. Qe2 Rh6 36. Rg2 h4 37. Kg1 Rb8 38. Rc1 Be7 39. Rc2 Rh7 40. Rc1 Bd6
41. Rf1 Rb5 42. Qd2 Bc7 43. Qc1 a5 44. Qc2 Bd6 45. Rd2 Kg8 46. Rg2 hxg3 47.
Rxg3 Kf8 48. Qe2 Bh5 49. a4 Rb6 50. Bd2 Ra7 51. Qe1 Be7 52. Bxa5 Rb8 53. Re3
Bg6 54. Bc3 Kg8 55. Qd1 Rd8 56. b4 Bh5 57. Kh1 Kh7 58. Rg3 Bh4 59. Qd2 Bxg3 60.
hxg3 Be8 61. Kg2 Kg8 62. Rh1 Rh7 63. Qe1 Rxh1 64. Qxh1 e3 65. Qc1 Bg6 66. Qxe3
Re8 67. Qd2 Qb1 68. a5 Be4+ 69. Nxe4 Qxe4+ 70. Kg1 Qf3 71. f5 Qxg3+ 72. Kh1 Kf7
73. Qh6 Qf3+ 74. Kg1 Qd1+ 75. Kg2 Re2+ 76. Kg3 Qg1+ 0-1

[Event "XXXVII Open International de Metz A (>1"]
[Site "METZ"]
[Date "2019.04.08"]
[Round "3.14"]
[White "Muller, Etienne"]
[Black "Boulet, Philippe"]
[Result "1-0"]
[WhiteElo "2166"]
[BlackElo "1971"]
[PlyCount "54"]
[EventDate "2019.??.??"]
[WhiteTeam "Echec et Mat Forbach"]
[BlackTeam "Esbarres Bonnencontre Echecs"]

1. e4 c5 2. Nf3 g6 3. d4 cxd4 4. Nxd4 Nc6 5. Nc3 Bg7 6. Be3 Nf6 7. Bc4 Qa5 8.
O-O O-O 9. Bb3 d6 10. h3 Bd7 11. Re1 Nxd4 12. Bxd4 Bc6 13. Nd5 Qd8 14. Nxf6+
Bxf6 15. Bxf6 exf6 16. Qd4 Qe7 17. Rad1 Rfd8 18. c3 a5 19. a3 Qe5 20. Re3 Kg7
21. f3 Qb5 22. c4 Qe5 23. Red3 Re8 24. Kh1 Re6 25. Rg1 Rae8 26. h4 f5 27. exf5
gxf5 1-0

[Event "XXXVII Open International de Metz A (>1"]
[Site "METZ"]
[Date "2019.04.08"]
[Round "3.15"]
[White "Hejazipour, Mitra"]
[Black "Sadeghi, Hassan"]
[Result "1/2-1/2"]
[WhiteElo "2255"]
[BlackElo "2112"]
[PlyCount "32"]
[EventDate "2019.??.??"]
[WhiteTeam "USAM Echiquier Brestois"]
[BlackTeam "Cercle d'Echecs d'Evian"]

1. d4 e6 2. c4 d5 3. Nf3 c6 4. Qc2 Bd6 5. g3 Nf6 6. Bg2 O-O 7. O-O Nbd7 8. Nc3
dxc4 9. Bg5 h6 10. Bxf6 Nxf6 11. e4 Be7 12. Rfd1 Qc7 13. a4 Rb8 14. e5 Nd5 15.
Ne4 b5 16. Rdb1 Bd7 1/2-1/2

[Event "XXXVII Open International de Metz A (>1"]
[Site "METZ"]
[Date "2019.04.08"]
[Round "3.16"]
[White "Steibel, Julien"]
[Black "Luba, Lukasz"]
[Result "0-1"]
[WhiteElo "2064"]
[BlackElo "2151"]
[PlyCount "52"]
[EventDate "2019.??.??"]
[WhiteTeam "Bischwiller"]

1. e4 e6 2. d4 d5 3. Nc3 c6 4. e5 Nd7 5. f4 Ne7 6. Nf3 b6 7. Bd3 Bb7 8. O-O g6
9. g4 h5 10. Ng5 hxg4 11. Qxg4 Bh6 12. Nxf7 Kxf7 13. Bxg6+ Nxg6 14. f5 exf5 15.
Qxf5+ Nf6 16. Bxh6 Rxh6 17. Qg5 Nh4 18. Qxh6 Qg8+ 19. Kf2 Qg2+ 20. Ke3 Qh3+ 21.
Ke2 Ba6+ 22. Kd2 Nf3+ 23. Rxf3 Qxh6+ 24. Ke1 Qh4+ 25. Kd2 Qxd4+ 26. Kc1 Qxe5
0-1

[Event "XXXVII Open International de Metz A (>1"]
[Site "METZ"]
[Date "2019.04.08"]
[Round "3.17"]
[White "Thomas, Anysia"]
[Black "Lalande, Jean-Louis"]
[Result "1-0"]
[WhiteElo "2149"]
[BlackElo "2038"]
[PlyCount "95"]
[EventDate "2019.??.??"]
[WhiteTeam "Vandoeuvre-Echecs"]
[BlackTeam "Club Avenir St Georges Section Echecs "]

1. d4 d5 2. c4 dxc4 3. Nf3 Nf6 4. Nc3 c5 5. d5 e6 6. e4 exd5 7. e5 Nfd7 8. Bg5
Be7 9. Bxe7 Qxe7 10. Nxd5 Qd8 11. Qc2 Nb6 12. Nxb6 axb6 13. Bxc4 Nc6 14. O-O
O-O 15. Rad1 Qe7 16. Qe4 Be6 17. Bd3 g6 18. a3 Rfd8 19. Qe3 Bg4 20. Rde1 Bxf3
21. Qxf3 Ra4 22. e6 fxe6 23. Bb5 Nd4 24. Qe4 Raa8 25. Bc4 Rd6 26. Re3 Qf7 27.
h4 Rc6 28. Rg3 Kg7 29. h5 Qf5 30. Qh4 Qf6 31. h6+ Kf7 32. Qe4 Qf5 33. Qe3 Rf8
34. Rg5 Qf6 35. Rg4 Kg8 36. Re4 Kh8 37. b4 Nf5 38. Qh3 Nd4 39. b5 Rd6 40. Qg3
Nf5 41. Qh2 Rfd8 42. Rfe1 Rd1 43. Qf4 g5 44. Qf3 Rxe1+ 45. Rxe1 Qxh6 46. Rxe6
Qh4 47. Bd3 Nd4 48. Qe4 1-0

[Event "XXXVII Open International de Metz A (>1"]
[Site "METZ"]
[Date "2019.04.08"]
[Round "3.18"]
[White "Frantz, Nicolas"]
[Black "Sarvadh Sathiaram"]
[Result "0-1"]
[WhiteElo "2115"]
[BlackElo "2079"]
[PlyCount "75"]
[EventDate "2019.??.??"]
[WhiteTeam "Vandoeuvre-Echecs"]

1. e4 e6 2. d4 d5 3. Nd2 Nf6 4. e5 Nfd7 5. Bd3 c5 6. c3 Nc6 7. Ne2 cxd4 8. cxd4
f6 9. exf6 Qxf6 10. Nf3 h6 11. O-O Bd6 12. Nc3 O-O 13. Be3 a6 14. Rc1 Rd8 15.
Re1 Nf8 16. Na4 Bd7 17. Nc5 Bxc5 18. Rxc5 Be8 19. Qc1 Nd7 20. Rc3 Bg6 21. Qb1
Nf8 22. Bd2 Bxd3 23. Rxd3 Ng6 24. Rde3 Re8 25. Ne5 Nh4 26. Bc3 Nxe5 27. Rxe5
Rf8 28. Qc2 Rae8 29. R5e3 Qg5 30. Rg3 Qf5 31. Qe2 Rf6 32. Rg4 Ng6 33. Rg3 Nf4
34. Qe3 Ref8 35. Rf3 g6 36. Bb4 R8f7 37. Bd6 Qg5 38. Rc1 0-1

[Event "XXXVII Open International de Metz A (>1"]
[Site "METZ"]
[Date "2019.04.08"]
[Round "3.19"]
[White "Schweitzer, Victoria"]
[Black "Haenssel, Christian"]
[Result "1-0"]
[WhiteElo "2084"]
[BlackElo "2087"]
[PlyCount "144"]
[EventDate "2019.??.??"]
[WhiteTeam "Metz Alekhine"]
[BlackTeam "Club d'Echecs Metz Fischer"]

1. e4 c5 2. Nf3 d6 3. Bc4 e6 4. Nc3 Nf6 5. O-O Be7 6. d3 O-O 7. Bb3 Nc6 8. Re1
Na5 9. Ne2 a6 10. c3 Nxb3 11. Qxb3 Qc7 12. h3 c4 13. Qc2 cxd3 14. Qxd3 b6 15.
Ng3 Nd7 16. Bf4 Ne5 17. Nxe5 dxe5 18. Bd2 Rd8 19. Qe2 Bh4 20. Nf1 Bb7 21. Qg4
Be7 22. h4 Rd6 23. h5 Rad8 24. Bh6 Bf8 25. Bg5 Be7 26. h6 f6 27. Be3 g6 28. f4
exf4 29. Bxf4 e5 30. Bg3 Qd7 31. Qe2 Bf8 32. Bf2 Bxh6 33. Qc4+ Qf7 34. Qb4 Qe6
35. a4 Bf8 36. a5 Rc6 37. Qa4 b5 38. Qc2 Rcd6 39. Bb6 R8d7 40. Qf2 Qc4 41. Qf3
Qe6 42. Qe2 Rd3 43. Bd4 R3xd4 44. cxd4 Rxd4 45. Ng3 Bb4 46. Red1 Bxa5 47. Rxd4
Bb6 48. Kh2 Bxd4 49. Rc1 Qd7 50. Rc2 Kg7 51. Nf1 h5 52. Nd2 Bb6 53. Nb3 Qg4 54.
Qxg4 hxg4 55. Nd2 Kh6 56. g3 Kg5 57. b4 a5 58. bxa5 Bxa5 59. Nb3 Bb4 60. Nc5
Bxc5 61. Rxc5 Bxe4 62. Rxb5 Kf5 63. Kg1 Ke6 64. Rb6+ Ke7 65. Kf2 Bd5 66. Ke3
Be6 67. Ke4 Bf5+ 68. Kd5 Bc8 69. Kc5 f5 70. Rxg6 e4 71. Kd4 Be6 72. Ke5 Bc8 1-0

[Event "XXXVII Open International de Metz A (>1"]
[Site "METZ"]
[Date "2019.04.08"]
[Round "2.1"]
[White "Pucher, Sebastien"]
[Black "Chigaev, Maksim"]
[Result "0-1"]
[WhiteElo "2309"]
[BlackElo "2634"]
[PlyCount "71"]
[EventDate "2019.??.??"]
[WhiteTeam "Club d'Echecs Metz Fischer"]

1. c4 g6 2. Nc3 Bg7 3. d4 Nf6 4. e4 d6 5. f3 O-O 6. Be3 Nc6 7. Nge2 a6 8. Qd2
Bd7 9. Rc1 b5 10. cxb5 axb5 11. b3 b4 12. Nd1 Qb8 13. Nf2 e5 14. d5 Ne7 15. Nd3
c6 16. Nxb4 cxd5 17. Nxd5 Nfxd5 18. exd5 Nf5 19. Nc3 Nxe3 20. Qxe3 Qb4 21. Bc4
Rxa2 22. O-O Raa8 23. Ra1 Rxa1 24. Rxa1 e4 25. Rc1 exf3 26. Qxf3 Re8 27. Rf1 f5
28. Ne2 Bb5 29. Qd3 Bxc4 30. bxc4 Qc5+ 31. Kh1 Re3 32. Qc2 Re4 33. Rc1 Bh6 34.
Ng3 Bxc1 35. Nxe4 Qe3 36. Qc3 0-1

[Event "XXXVII Open International de Metz A (>1"]
[Site "METZ"]
[Date "2019.04.08"]
[Round "2.2"]
[White "Feller, Sebastien"]
[Black "Bujisho, Benjamin"]
[Result "1-0"]
[WhiteElo "2586"]
[BlackElo "2339"]
[PlyCount "35"]
[EventDate "2019.??.??"]
[WhiteTeam "Club d'Echecs Metz Fischer"]
[BlackTeam "Chevau-légers de la Choisille"]

1. e4 e6 2. d4 d5 3. Nd2 Nf6 4. e5 Ne4 5. Nxe4 dxe4 6. Be3 c5 7. dxc5 Nd7 8.
Qg4 Nxc5 9. Bxc5 Bxc5 10. Bb5+ Bd7 11. O-O-O Bxb5 12. Rxd8+ Rxd8 13. Qxg7 Rf8
14. Nh3 Kd7 15. Ng5 e3 16. Nxf7 Ke8 17. Nd6+ Bxd6 18. exd6 1-0

[Event "XXXVII Open International de Metz A (>1"]
[Site "METZ"]
[Date "2019.04.08"]
[Round "2.3"]
[White "Maiorov, Nikita"]
[Black "Devallee, Jeremie"]
[Result "1-0"]
[WhiteElo "2540"]
[BlackElo "2305"]
[PlyCount "103"]
[EventDate "2019.??.??"]
[BlackTeam "C'Chartres Echecs"]

1. d4 Nf6 2. c4 c5 3. d5 b5 4. cxb5 a6 5. bxa6 g6 6. Nc3 Bxa6 7. g3 d6 8. Bg2
Bg7 9. Nf3 Nfd7 10. O-O Nb6 11. Nd2 N8d7 12. Qc2 O-O 13. Re1 Ra7 14. b3 e6 15.
Bb2 Nf6 16. dxe6 fxe6 17. Nce4 Nbd5 18. Nxf6+ Nxf6 19. Ne4 Nxe4 20. Bxg7 Rxg7
21. Qxe4 Qf6 22. Qe3 Bb7 23. Bxb7 Rxb7 24. Rad1 Qe7 25. Rd2 Ra8 26. Rc1 Ra3 27.
Qd3 d5 28. Qc2 Rba7 29. Qxc5 Qxc5 30. Rxc5 Rxa2 31. Rxa2 Rxa2 32. e3 Rb2 33.
Rb5 Kf7 34. g4 Kf6 35. h4 h5 36. g5+ Kf5 37. Kg2 Rd2 38. Kf3 Rd1 39. Rb4 Rg1
40. Rf4+ Ke5 41. Ke2 Rh1 42. Kd2 Kd6 43. Kc3 e5 44. Rf6+ Kc5 45. b4+ Kb5 46.
Rd6 d4+ 47. exd4 Rh3+ 48. Kd2 e4 49. Re6 Kxb4 50. Rxe4 Kc4 51. Ke2 Kd5 52. f3
1-0

[Event "XXXVII Open International de Metz A (>1"]
[Site "METZ"]
[Date "2019.04.08"]
[Round "2.4"]
[White "Navrotescu, Andreea-Cristiana"]
[Black "Shchekachev, Andrei"]
[Result "0-1"]
[WhiteElo "2234"]
[BlackElo "2522"]
[Annotator "denis"]
[PlyCount "42"]
[EventDate "2019.??.??"]
[WhiteTeam "L'Echiquier du Roy René"]
[BlackTeam "Tremblay en France"]

{[%evp 0,4,25,62,116,-10,111]} 1. Nf3 g6 2. g3 Bg7 3. d4 c5 4. Bg2 cxd4 5. Nxd4
Nc6 6. Nb3 Nf6 7. e4 d6 8. O-O Bg4 9. f3 Be6 10. Qe2 a5 11. Be3 Nxe4 12. fxe4
a4 13. N3d2 Bxb2 14. c3 Bxa1 15. Nf3 Qa5 16. Nd4 Bxc3 17. Nxe6 fxe6 18. Qc4 Be5
19. Qxe6 Rf8 20. Nd2 Bd4 21. Bxd4 Nxd4 0-1

[Event "XXXVII Open International de Metz A (>1"]
[Site "METZ"]
[Date "2019.04.08"]
[Round "2.6"]
[White "Colson, Arnaud"]
[Black "Omelja, Artem"]
[Result "1-0"]
[WhiteElo "2028"]
[BlackElo "2472"]
[PlyCount "41"]
[EventDate "2019.??.??"]
[WhiteTeam "Cercle d'Echecs de Creutzwald"]

1. e4 g6 2. d4 Bg7 3. Nc3 a6 4. f4 b5 5. e5 Bb7 6. d5 d6 7. e6 fxe6 8. dxe6 Nh6
9. Nf3 d5 10. Bd3 c5 11. f5 c4 12. fxg6 cxd3 13. Qxd3 Qd6 14. Bxh6 Bxh6 15. Qf5
Rf8 16. Qh3 Qf4 17. gxh7 d4 18. O-O Qf6 19. Ng5 Qxg5 20. Rxf8+ Bxf8 21. h8=Q
1-0

[Event "XXXVII Open International de Metz A (>1"]
[Site "METZ"]
[Date "2019.04.08"]
[Round "2.7"]
[White "Di Nicolantonio, Lucas"]
[Black "Oblin, Pierre"]
[Result "1-0"]
[WhiteElo "2359"]
[BlackElo "1801"]
[PlyCount "49"]
[EventDate "2019.??.??"]
[WhiteTeam "Club d'Echecs de l'Agglomeration Chamberienne"]
[BlackTeam "Echiquier Grenoblois"]

1. g3 Nf6 2. Bg2 g6 3. f4 Bg7 4. Nf3 d6 5. d3 c6 6. e4 Na6 7. Qe2 Qa5+ 8. c3
O-O 9. Nbd2 Bd7 10. e5 Ng4 11. d4 c5 12. d5 b5 13. e6 fxe6 14. Ng5 e5 15. Ne6
exf4 16. Qxg4 Bxc3 17. bxc3 Qxc3 18. Rb1 f3 19. Bxf3 Qe3+ 20. Kd1 b4 21. Rb3
Ba4 22. Nxf8 Rxf8 23. Re1 Qd3 24. Qe6+ Rf7 25. Be2 1-0

[Event "XXXVII Open International de Metz A (>1"]
[Site "METZ"]
[Date "2019.04.08"]
[Round "2.8"]
[White "Veron, Cyprien"]
[Black "Epishin, Vladimir"]
[Result "1/2-1/2"]
[WhiteElo "1990"]
[BlackElo "2568"]
[PlyCount "111"]
[EventDate "2019.??.??"]
[WhiteTeam "Saint Hilaire Petitville"]
[BlackTeam "Marseille Duchamps"]

1. Nf3 d6 2. d4 Bg4 3. e4 Nf6 4. Nbd2 Nbd7 5. Be2 e6 6. O-O Be7 7. b3 O-O 8.
Bb2 c5 9. c4 Bxf3 10. Bxf3 cxd4 11. Bxd4 Ne5 12. Be2 Nfd7 13. f4 Nc6 14. Be3
Bf6 15. Rc1 Qa5 16. a4 Nc5 17. Rf3 Rad8 18. Rg3 Bd4 19. Bxd4 Nxd4 20. Bf1 f5
21. Kh1 h6 22. Rb1 Qb4 23. Re3 e5 24. g3 Kh8 25. Bg2 fxe4 26. Nxe4 exf4 27.
gxf4 Nde6 28. f5 Rxf5 29. Nxd6 Rf6 30. Bh3 Qb6 31. Bxe6 Nxe6 32. Rxe6 Qc6+ 33.
Qd5 Qxd5+ 34. cxd5 Rxd6 35. Rxd6 Rxd6 36. Rd1 Kg8 37. Kg2 Kf7 38. Kf3 Rb6 39.
Rd3 Ke7 40. Ke4 Kd6 41. Kf5 Rb4 42. h3 g5 43. Kg6 Rh4 44. Kf5 b6 45. Kg6 a6 46.
Kf5 b5 47. axb5 axb5 48. Kg6 g4 49. hxg4 Rxg4+ 50. Kxh6 Rg1 51. Kh5 Re1 52. Kg4
Re5 53. Kf4 Rxd5 54. Ke4 Rxd3 55. Kxd3 Kd5 56. Kc3 1/2-1/2

[Event "XXXVII Open International de Metz A (>1"]
[Site "METZ"]
[Date "2019.04.08"]
[Round "2.10"]
[White "Luba, Lukasz"]
[Black "Palac, Mladen"]
[Result "0-1"]
[WhiteElo "2151"]
[BlackElo "2550"]
[Annotator "denis"]
[PlyCount "53"]
[EventDate "2019.??.??"]
[BlackTeam "Nice Alekhine"]

{[%evp 0,29,40,19,39,-36,-1,-42,6,2,20,-31,-28,-22,-30,-37,-40,-68,-58,-80,-80,
-93,-87,-136,-98,-87,64,-214,-110,-167,102,-209]} 1. Nf3 Nf6 2. d3 d5 3. Nbd2
c5 4. e4 Nc6 5. c3 e5 6. h3 Be7 7. Be2 O-O 8. g4 Be6 9. Qc2 d4 10. c4 a6 11.
Nf1 b5 12. b3 Nb4 13. Qb1 bxc4 14. bxc4 Qc7 15. a3 Nc6 16. Ng3 Rab8 17. Qc2 Na5
18. Bg5 h6 19. Bxf6 Bxf6 20. Nf5 Rb3 21. h4 Rc3 22. Qd1 Bxf5 23. gxf5 Nb3 24.
Rb1 Na5 25. O-O Rxa3 26. Kh2 Ra2 27. Rg1 0-1

[Event "XXXVII Open International de Metz A (>1"]
[Site "METZ"]
[Date "2019.04.08"]
[Round "2.11"]
[White "Alok Sinha"]
[Black "Julian, Stephane"]
[Result "1/2-1/2"]
[WhiteElo "2271"]
[BlackElo "1993"]
[PlyCount "101"]
[EventDate "2019.??.??"]
[BlackTeam "Vandoeuvre-Echecs"]

1. e4 c5 2. Nf3 d6 3. d4 cxd4 4. Nxd4 Nf6 5. Nc3 a6 6. h3 g6 7. g4 Bg7 8. Bg2
O-O 9. O-O Nc6 10. Nde2 Bd7 11. a4 Rc8 12. b3 Qc7 13. Bb2 Nb4 14. Qd2 h6 15.
Rab1 Rfd8 16. Rfc1 e5 17. Ba3 a5 18. Bxb4 axb4 19. Nd5 Nxd5 20. Qxd5 Be6 21.
Qd2 f5 22. gxf5 gxf5 23. exf5 Bxf5 24. Qd5+ Kh8 25. Ng3 Bg6 26. Qxb7 Qxb7 27.
Bxb7 Rxc2 28. Rxc2 Bxc2 29. Rb2 Rb8 30. Bd5 Bd3 31. Rd2 Ba6 32. Rc2 Rc8 33.
Rxc8+ Bxc8 34. Ne4 Bf8 35. Kg2 Kg7 36. f3 Be7 37. Kg3 Kf8 38. h4 Ke8 39. Nf2
Kd7 40. Kg4 Kc7+ 41. Kh5 Kb6 42. Nd3 Ka5 43. Kxh6 Bxh4 44. Kh5 Be7 45. Kg6 Bd7
46. f4 exf4 47. Nxf4 Bxa4 48. bxa4 Kxa4 49. Kf5 b3 50. Ne2 Kb4 51. Bxb3 1/2-1/2

[Event "XXXVII Open International de Metz A (>1"]
[Site "METZ"]
[Date "2019.04.08"]
[Round "2.12"]
[White "Real, Thibault"]
[Black "Thomas, Anysia"]
[Result "1-0"]
[WhiteElo "2247"]
[BlackElo "2149"]
[PlyCount "123"]
[EventDate "2019.??.??"]
[WhiteTeam "Lille Université Club Echiquier du Nord"]
[BlackTeam "Vandoeuvre-Echecs"]

1. d4 g6 2. e4 c6 3. h4 d5 4. e5 c5 5. h5 cxd4 6. hxg6 fxg6 7. Qxd4 Nc6 8. Bb5
Bg7 9. c4 Qa5+ 10. Qc3 Qxc3+ 11. Nxc3 dxc4 12. f4 Bd7 13. Bxc4 Nd4 14. Bd3 Nh6
15. Nge2 Nxe2 16. Nxe2 Bc6 17. O-O O-O-O 18. Bc4 Nf5 19. a4 Kb8 20. b4 Nh4 21.
g3 Nf3+ 22. Kf2 Nh2 23. Re1 Rhf8 24. b5 Be4 25. Nc3 Bxe5 26. Rxe4 Bxc3 27. Ra3
Bb4 28. Rb3 Bc5+ 29. Ke2 Ng4 30. Ba3 Bxa3 31. Rxa3 Nh6 32. Rxe7 Nf5 33. Rxh7
Rd4 34. Bf7 Rfd8 35. Bxg6 Rd2+ 36. Kf3 Nd4+ 37. Kg4 Rg8 38. Rh6 Nc2 39. Rc3 Nb4
40. Kf3 Rd6 41. f5 Nd3 42. Ke4 Nf2+ 43. Ke5 Rgd8 44. Rh4 Nd3+ 45. Ke4 Nf2+ 46.
Kf3 Nd3 47. Re4 b6 48. Re8 Rxe8 49. Bxe8 Nc5 50. a5 Kc7 51. a6 Kd8 52. Re3 Rd3
53. Bc6 Rxe3+ 54. Kxe3 Ke7 55. Be4 Na4 56. Kd4 Kf6 57. Bc2 Nc5 58. Kd5 Ke7 59.
g4 Kf6 60. Kd6 Kg5 61. Ke7 Kh6 62. f6 1-0

[Event "XXXVII Open International de Metz A (>1"]
[Site "METZ"]
[Date "2019.04.08"]
[Round "2.13"]
[White "Kienitz, Andre"]
[Black "Hejazipour, Mitra"]
[Result "1/2-1/2"]
[WhiteElo "2117"]
[BlackElo "2255"]
[PlyCount "84"]
[EventDate "2019.??.??"]
[BlackTeam "USAM Echiquier Brestois"]

1. e4 c5 2. Nf3 d6 3. Bb5+ Nd7 4. c3 Ngf6 5. Qe2 a6 6. Ba4 b5 7. Bc2 e5 8. d4
Bb7 9. d5 Be7 10. O-O O-O 11. b3 Re8 12. a4 Qb6 13. Na3 Reb8 14. Bd2 bxa4 15.
Nc4 Qc7 16. bxa4 Nb6 17. Nxb6 Qxb6 18. Rfb1 Qc7 19. Bd3 Nd7 20. a5 Bd8 21. c4
Bc8 22. Qd1 Nf8 23. Bc2 Bd7 24. Ne1 h6 25. Nd3 Bg5 26. Bc3 Ng6 27. g3 Bd8 28.
h4 Qc8 29. Ne1 Bc7 30. Ba4 Nf8 31. Bc2 Qd8 32. Qd2 Ng6 33. Ng2 Rxb1+ 34. Rxb1
Rb8 35. Rxb8 Qxb8 36. Ne3 Ne7 37. Kh2 Bd8 38. f3 Qb7 39. Nd1 Ng6 40. Ne3 Ne7
41. Nd1 Ng6 42. Ne3 Ne7 1/2-1/2